000 00886cam a22003013a 4500
001 16387797
003 OSt
005 20251205124954.0
008 971215s1992 xxu 000 1 eng
010 _a 97814300
020 _a0883682591
020 _a9780883682593
035 _a16387797
035 _a(DLC) 97814300
040 _aDLC
_cDLC
_dDLC
050 0 0 _aPR3329
_b.G1 2002
100 1 _aBunyan, John.
245 1 0 _aGrace abounding /
_cJohn Bunyan.
260 _aSpringdale, PA :
_bWhitaker House,
_c1993.
300 _a201 p.
336 _atext
_btxt
_2rdacontent
337 _aunmediated
_bn
_2rdamedia
338 _avolume
_bnc
_2rdacarrier
710 2 _aCopyright Paperback Collection (Library of Congress)
_5DLC
906 _a7
_bcbc
_corignew
_d2
_encip
_f19
_gy-genrareb
942 _2lcc
_cBK
999 _c20926
_d20925